000 00699nam a2200217Ia 4500
005 20241129111344.0
008 241129s9999||||xx |||||||||||||| ||und||
037 _aTB
040 _aCRL
_bhin
_cCRL
041 _ahin
_2hin
084 _aQ11:31 152R3
_qCRL
100 _aशौनकए लेण्
245 0 _aबृहद्देवता
_cशौनकए लेण्
260 _a, भारत
_bदिल्लीए चौखम्बा ओरियन्टालियाए
_c2023
300 _a158पृ0
365 _aINR
_b250
546 _aTranslated from Sanskrit to English
650 _aReligion
942 _cTB
_hQ11:31 152R3
999 _c1230083
_d1230083